| 000 | 01452cam a2200397 i 4500 | ||
|---|---|---|---|
| 999 |
_c533095 _d533095 |
||
| 001 | 18990300 | ||
| 003 | NUST | ||
| 005 | 20191212111709.0 | ||
| 008 | 160225s2016 flua b 001 0 eng | ||
| 010 | _a 2016009009 | ||
| 020 | _a9781498726665 (alk. paper) | ||
| 038 | _aMSOHAIL | ||
| 040 |
_aDLC _beng _cDLC _erda _dDLC |
||
| 042 | _apcc | ||
| 050 | 0 | 0 |
_aTC413 _b.H935 2017 |
| 082 | 0 | 0 |
_a363.34630284 _223 |
| 245 | 0 | 0 |
_aHydrologic remote sensing : _bcapacity building for sustainability and resilience / _cedited by Yang Hong, Yu Zhang, Sadiq Ibrahim Khan. |
| 264 | 1 |
_aBoca Raton : _bCRC Press/Taylor & Francis, _c[2017] |
|
| 300 |
_axviii, 395 pages : _billustrations ; _c25 cm |
||
| 336 |
_atext _2rdacontent |
||
| 337 |
_aunmediated _2rdamedia |
||
| 338 |
_avolume _2rdacarrier |
||
| 504 | _aIncludes bibliographical references and index. | ||
| 650 | 0 |
_aWatershed management. _926791 |
|
| 650 | 0 |
_aHydrologic models. _96306 |
|
| 650 | 0 |
_aGroundwater _xRemote sensing. _926792 |
|
| 650 | 0 |
_aDroughts _xRemote sensing. _926793 |
|
| 650 | 0 |
_aFloods _xRemote sensing. _926794 |
|
| 650 | 0 |
_aSustainable development. _9442 |
|
| 700 | 1 |
_aHong, Yang, _d1973- _eeditor. _926795 |
|
| 700 | 1 |
_aZhang, Yu, _d1975- _eeditor. _926796 |
|
| 700 | 1 |
_aKhan, Sadiq Ibrahim, _eeditor. _926797 |
|
| 906 |
_a7 _bcbc _corignew _d1 _eecip _f20 _gy-gencatlg |
||
| 942 |
_2ddc _cBK |
||